Widok standardowy
Widok MARC
Pozycja Personal Name
Liczba rekordów, w których użyto hasła: 2
001 - Numer kontrolny
- control field: 40406
003 - Identyfikator numeru kontrolnego
- control field: NUKAT
005 - Data i czas ostatniej modyfikacji
- control field: 20260422184555.0
008 - Dane kontrolne kodowane (40 znaków)
- fixed length control field: 010702n||a|znnaabn |a aaa |c
010 ## - Numer kontrolny Biblioteki Kongresu
- numer kontrolny LC: n 01015518
040 ## - Instytucja sporządzająca rekord
- inst. przygot. dane do rek. khw: WR O/AK
- język haseł przedmiotowych/tezaurus: kaba
- inst. wprow. rek. khw: WR O/AK
- inst. modyf. rek. khw: OLSZT 003/DK
- inst. modyf. rek. khw: WA U/EBA
- inst. modyf. rek. khw: WA 14/DG
- inst. modyf. rek. khw: WA 248/ae
100 1# - Hasło - nazwa osobowa
- nazwa osobowa w formie ujednoliconej: Frejlich, Józef
- daty biograficzne: (1884-1976).
400 1# - Trop zob. - nazwa osobowa
- nazwa osobowa (nazwisko, imiona): Frejlich, Joseph.
400 1# - Trop zob. - nazwa osobowa
- nazwa osobowa (nazwisko, imiona): Froelich, Józef.
400 0# - Trop zob. - nazwa osobowa
- nazwa osobowa (nazwisko, imiona): J. W-i.
400 1# - Trop zob. - nazwa osobowa
- nazwa osobowa (nazwisko, imiona): Freilich, Joseph.
400 0# - Trop zob. - nazwa osobowa
- nazwa osobowa (nazwisko, imiona): Stabilis.
670 ## - Źródło informacji
- źródło informacji: Kp. Les bases de l'indépendance économique de la Pologne / Joseph Frejlich. - Paris, 1917.
670 ## - Źródło informacji
- źródło informacji: LCC online
670 ## - Źródło informacji
- źródło informacji: Słownik historyków polskich. - Warszawa, 1994
670 ## - Źródło informacji
- źródło informacji: Polska w dobie Wielkiej Emigracji / w świetle źródeł przedstawił Józef Frejlich. - Kraków, 1923.
670 ## - Źródło informacji
- źródło informacji: Królestwo Polskie jako teren strategiczny / J. W-i. - Warszawa, 1911.
670 ## - Źródło informacji
- źródło informacji: Fundamental conditions of the economic independence of Poland / by Joseph Freilich. - Chicago, 1918.
670 ## - Źródło informacji
- źródło informacji: PseudPP. - 1996